Thần thoại hy lạp

में बचाया:
ग्रंथसूची विवरण
मुख्य लेखक: Nguyễn Văn Khỏa
स्वरूप: पुस्तक
प्रकाशित: Hà nội Văn Học 2007
विषय:
टैग : टैग जोड़ें
कोई टैग नहीं, इस रिकॉर्ड को टैग करने वाले पहले व्यक्ति बनें!
Thư viện lưu trữ: Trung tâm Học liệu Lê Vũ Hùng, Trường Đại học Đồng Tháp
LEADER 00584pam a22001818a 4500
001 00037709
005 20171026081025.0
008 170513s2007 ||||||Viesd
041 0 # |a Vie 
082 1 4 |a 398.209 495  |b TH121TH 
100 1 # |a Nguyễn Văn Khỏa 
245 1 0 |a Thần thoại hy lạp  |c Nguyễn Văn Khỏa 
260 # # |a Hà nội  |b Văn Học  |c 2007 
300 # # |a 914tr.  |c 20.5cm 
653 # # |a Thần thoại hy lạp 
852 # # |b Kho đọc  |j KD.1000338 
910 |d 13/05/2017 
980 # # |a Trung tâm Học liệu Lê Vũ Hùng, Trường Đại học Đồng Tháp